| 000 | 01498nam a2200385Ia 4500 | ||
|---|---|---|---|
| 001 | ebr10112491 | ||
| 003 | CaPaEBR | ||
| 006 | m u | ||
| 007 | cr cn||||||||| | ||
| 008 | 050517s2004 txua sb 001 0 eng d | ||
| 010 | _z 2005274474 | ||
| 020 | _z073849089X | ||
| 040 |
_aCaPaEBR _cCaPaEBR |
||
| 035 | _a(OCoLC)61731571 | ||
| 050 | 1 | 4 |
_aQA76.9.M3 _bI545 2004eb |
| 082 | 0 | 4 |
_a004/.068 _222 |
| 245 | 0 | 0 |
_aIntroduction to pSeries provisioning _h[electronic resource] / _c[Dino Quintero ... et al.]. |
| 250 | _a1st ed. | ||
| 260 |
_aAustin, TX : _bIBM, International Technical Support Organization, _cc2004. |
||
| 300 |
_axviii, 192 p. : _bill. |
||
| 490 | 1 | _aIBM redbooks | |
| 500 | _a"November 2004." | ||
| 500 | _a"SG24-6389-00." | ||
| 504 | _aIncludes bibliographical references and index. | ||
| 533 |
_aElectronic reproduction. _bPalo Alto, Calif. : _cebrary, _d2009. _nAvailable via World Wide Web. _nAccess may be limited to ebrary affiliated libraries. |
||
| 630 | 0 | 0 | _aAIX (Computer file) |
| 630 | 0 | 0 | _aIBM Cluster systems management. |
| 650 | 0 |
_aElectronic data processing _xManagement. |
|
| 655 | 7 |
_aElectronic books. _2local |
|
| 700 | 1 | _aQuintero, Dino. | |
| 710 | 2 |
_aInternational Business Machines Corporation. _bInternational Technical Support Organization. |
|
| 710 | 2 | _aebrary, Inc. | |
| 830 | 0 | _aIBM redbooks. | |
| 856 | 4 | 0 |
_uhttp://site.ebrary.com/lib/rucke/Doc?id=10112491 _zAn electronic book accessible through the World Wide Web; click to view |
| 999 |
_c210165 _d210165 |
||